Pitná voda 2022. Pitná voda z údolních nádrží : sborník přednášek. Tábor, ČR, 23. - 26. 5. 2022 /
Salvato in:
| Ente Autore: | |
|---|---|
| Altri autori: | |
| Natura: | Atti del Convegno Libro |
| Lingua: | slovacco ceco |
| Pubblicazione: |
České Budějovice :
W&ET Team,
2022
|
| Edizione: | 1. vyd. |
| Accesso online: | https://cloud.envipur.cz:15001/sharing/tK7hBCXSe |
| Tags: |
Nessun Tag, puoi essere il primo ad aggiungerne!!
|
MARC
| LEADER | 00000nam a22000003a 4500 | ||
|---|---|---|---|
| 001 | 0095600 | ||
| 005 | 20221114131648.8 | ||
| 008 | 140605s--------xr----------------------d | ||
| 020 | |a 978-80-905059-9-5 | ||
| 035 | |a biblio/483885 |2 CREPC2 | ||
| 040 | |a STU |b slo | ||
| 041 | 0 | |a slo |a cze | |
| 044 | |a xr | ||
| 111 | 2 | |a Pitná voda 2022 |n 16. |d 23. - 26. 5. 2022 |c Tábor, Česká republika | |
| 245 | |a Pitná voda 2022. Pitná voda z údolních nádrží : |b sborník přednášek. Tábor, ČR, 23. - 26. 5. 2022 / |c com. Pavel Dobiáš | ||
| 250 | |a 1. vyd. | ||
| 260 | |a České Budějovice : |b W&ET Team, |c 2022 | ||
| 300 | |a 297 s. | ||
| 700 | 1 | |a Dobiáš, Pavel |4 com | |
| 856 | 4 | 0 | |u https://cloud.envipur.cz:15001/sharing/tK7hBCXSe |
| 996 | |c V* 981/A |l VV17 |s P |a 0 |w 0095600_0001 | ||